[Event "Mittelfrank Regionalliga Nord-Ost 2122"]
[Site "Mittelfranken"]
[Date "2022.06.26"]
[Round "3.7"]
[White "Stenger, Herbert"]
[Black "Obermeier, Johannes"]
[Result "0-1"]
[WhiteElo "1549"]
[BlackElo "1851"]
[PlyCount "68"]
[EventDate "2021.10.24"]
[EventType "team-tourn"]
[EventRounds "9"]
[EventCountry "GER"]
[SourceTitle "EXT 2024"]
[Source "ChessBase"]
[SourceDate "2023.10.10"]
[SourceVersion "1"]
[SourceVersionDate "2023.10.10"]
[SourceQuality "1"]
[WhiteTeam "Heng Postbauer"]
[BlackTeam "Kelheim II"]
[WhiteTeamCountry "GER"]
[BlackTeamCountry "GER"]

1. e4 e5 2. Nf3 Nc6 3. Bb5 a6 4. Ba4 Nf6 5. 0-0 b5 6. Bb3 Bc5 7. d3 d6 8. a4 Rb8 9. Bg5 h6 10. Bxf6 Qxf6 11. axb5 axb5 12. Nc3 Bg4 13. Nd5 Qg6 14. Nxc7+ Kd8 15. Na6 Nd4 16. Nxb8 Nxf3+ 17. Kh1 Qh5 18. Qxf3 Bxf3 19. gxf3 Qxf3+ 20. Kg1 Ke7 21. Nc6+ Kf6 22. Ra7 Bxa7 23. Nxa7 Qg4+ 24. Kh1 Qd7 25. f4 Qxa7 26. fxe5+ Kxe5 27. Rxf7 Qa1+ 28. Kg2 Qxb2 29. Rxg7 Rf8 30. Re7+ Kf4 31. Re6 Ke3 32. Rxd6 Qg7+ 33. Kh3 Rf3+ 34. Kh4 Qg5# 0-1

[Event "Landesliga U20 Nord 1617"]
[Site "Bayern"]
[Date "2016.12.10"]
[Round "3.3"]
[White "Obermeier, Johannes"]
[Black "Schmidt, Oliver"]
[Result "1-0"]
[WhiteElo "1657"]
[BlackElo "1697"]
[PlyCount "41"]
[EventDate "2016.11.12"]
[EventType "team-tourn"]
[EventRounds "7"]
[EventCountry "GER"]
[SourceTitle "EXT 2022"]
[Source "ChessBase"]
[SourceDate "2021.10.06"]
[SourceVersion "1"]
[SourceVersionDate "2021.10.06"]
[SourceQuality "1"]
[WhiteTeam "Kelheim SK U20"]
[BlackTeam "Schwandorf U20"]
[WhiteTeamCountry "GER"]
[BlackTeamCountry "GER"]

1. e4 c5 2. d4 cxd4 3. c3 dxc3 4. Nxc3 d6 5. Bc4 Nc6 6. Nf3 Nf6 7. e5 dxe5 8. Qxd8+ Kxd8 9. Ng5 e6 10. Nxf7+ Ke7 11. Nxh8 Nd4 12. 0-0 Bd7 13. Bg5 Rc8 14. Bd3 Ke8 15. Bxf6 gxf6 16. Bxh7 Bg7 17. Ng6 Kf7 18. Ne4 Rc6 19. Nh4 Ne2+ 20. Kh1 Nf4 21. Rad1 1-0

[Event "Bayernliga U20 1516"]
[Site "Bayern"]
[Date "2016.02.27"]
[Round "6.2"]
[White "Wichmann, Adrian"]
[Black "Obermeier, Johannes"]
[Result "1-0"]
[WhiteElo "1973"]
[BlackElo "1611"]
[PlyCount "99"]
[EventDate "2015.11.21"]
[EventType "team-tourn"]
[EventRounds "7"]
[EventCountry "GER"]
[SourceTitle "EXT 2022"]
[Source "ChessBase"]
[SourceDate "2021.10.06"]
[SourceVersion "1"]
[SourceVersionDate "2021.10.06"]
[SourceQuality "1"]
[WhiteTeam "Forchheim SC U20"]
[BlackTeam "Kelheim SK U20"]
[WhiteTeamCountry "GER"]
[BlackTeamCountry "GER"]

1. e4 e5 2. Nf3 Nc6 3. Bc4 Bc5 4. c3 Nf6 5. d3 d6 6. 0-0 Bg4 7. Nbd2 0-0 8. Re1 h6 9. Nf1 d5 10. exd5 Nxd5 11. h3 Bxf3 12. Qxf3 Nde7 13. Ng3 Qd7 14. Ne4 Bb6 15. Bxh6 Qf5 16. Qg3 Ng6 17. Be3 Rad8 18. Rad1 Nce7 19. Bxb6 axb6 20. Ng5 Nf4 21. Qh4 Nc6 22. Re3 Rd6 23. g4 Qg6 24. Ne4 Rd7 25. Qg5 Qxg5 26. Nxg5 Rfd8 27. b4 Nd5 28. Bxd5 Rxd5 29. Kg2 Kf8 30. Rf3 R8d7 31. h4 f6 32. Ne4 Rf7 33. h5 Ne7 34. Rh1 c5 35. bxc5 bxc5 36. h6 Kg8 37. Ng5 fxg5 38. h7+ Kh8 39. Rxf7 Ng6 40. Rxb7 Nf4+ 41. Kf1 Rd8 42. a4 Nxd3 43. a5 c4 44. Kg2 g6 45. a6 Nf4+ 46. Kh2 Rd2 47. Rb8+ Kxh7 48. a7 Rxf2+ 49. Kg3+ Kg7 50. Kxf2 1-0

[Event "Bayernliga U20 1516"]
[Site "Bayern"]
[Date "2015.12.19"]
[Round "3.2"]
[White "Obermeier, Johannes"]
[Black "Krasotin, Valentin"]
[Result "0-1"]
[WhiteElo "1611"]
[BlackElo "1855"]
[PlyCount "40"]
[EventDate "2015.11.21"]
[EventType "team-tourn"]
[EventRounds "7"]
[EventCountry "GER"]
[SourceTitle "EXT 2022"]
[Source "ChessBase"]
[SourceDate "2021.10.06"]
[SourceVersion "1"]
[SourceVersionDate "2021.10.06"]
[SourceQuality "1"]
[WhiteTeam "Kelheim SK U20"]
[BlackTeam "Nuernberg Sued SW U20"]
[WhiteTeamCountry "GER"]
[BlackTeamCountry "GER"]

1. e4 e5 2. Nf3 Nc6 3. Bc4 Nf6 4. Ng5 Bc5 5. Bxf7+ Ke7 6. Bd5 Rf8 7. 0-0 d6 8. h3 Qe8 9. d3 Qg6 10. Kh2 h6 11. Nf3 Bg4 12. Nbd2 Nd4 13. Bb3 Qh5 14. c3 Nxf3+ 15. Nxf3 Nh7 16. Kg3 Rxf3+ 17. Qxf3 Bxf3 18. gxf3 Rf8 19. Bd1 Ng5 20. Bxg5+ hxg5 0-1

[Event "Bayernliga U20 1516"]
[Site "Bayern"]
[Date "2015.11.21"]
[Round "1.2"]
[White "Leeb, Simon"]
[Black "Obermeier, Johannes"]
[Result "1-0"]
[WhiteElo "2093"]
[BlackElo "1611"]
[PlyCount "63"]
[EventDate "2015.11.21"]
[EventType "team-tourn"]
[EventRounds "7"]
[EventCountry "GER"]
[SourceTitle "EXT 2022"]
[Source "ChessBase"]
[SourceDate "2021.10.06"]
[SourceVersion "1"]
[SourceVersionDate "2021.10.06"]
[SourceQuality "1"]
[WhiteTeam "Muenchen Suedost SK U20"]
[BlackTeam "Kelheim SK U20"]
[WhiteTeamCountry "GER"]
[BlackTeamCountry "GER"]

1. d4 Nf6 2. c4 e6 3. Nc3 d5 4. cxd5 exd5 5. Bg5 Be7 6. e3 0-0 7. Bd3 Nbd7 8. Qc2 Re8 9. Nge2 h6 10. Bh4 c6 11. f3 Nf8 12. 0-0-0 Ne6 13. Bf2 c5 14. g4 Ng5 15. Ng1 c4 16. Bf5 Bb4 17. h4 Bxf5 18. gxf5 Ngh7 19. Nge2 Qe7 20. Rdg1 Rad8 21. Rh2 Nh5 22. Rhg2 N7f6 23. Qd2 a5 24. e4 dxe4 25. Qxh6 Qf8 26. Nxe4 Nxe4 27. fxe4 Rxe4 28. Qxh5 Rd6 29. Qf3 Re7 30. f6 Rxe2 31. Rxg7+ Kh8 32. Qh5# 1-0

[Event "Oberpfalz-ch M2"]
[Site "Schwandorf"]
[Date "2015.03.31"]
[Round "7"]
[White "Kuehner, Andreas"]
[Black "Obermeier, Johannes"]
[Result "1-0"]
[WhiteElo "1701"]
[BlackElo "1638"]
[PlyCount "120"]
[EventDate "2015.03.28"]
[EventType "swiss"]
[EventRounds "8"]
[EventCountry "GER"]
[SourceTitle "EXT 2022"]
[Source "ChessBase"]
[SourceDate "2021.10.06"]
[SourceVersion "1"]
[SourceVersionDate "2021.10.06"]
[SourceQuality "1"]

1. d4 Nf6 2. e3 d5 3. Bd3 e6 4. Nd2 Nbd7 5. f4 c5 6. c3 Be7 7. Ngf3 0-0 8. Ne5 Qc7 9. h4 c4 10. Bc2 h5 11. Nf1 Nxe5 12. fxe5 Ng4 13. Ng3 g6 14. e4 Qd8 15. Ne2 Bxh4+ 16. g3 Be7 17. Nf4 b5 18. Nxh5 gxh5 19. Rxh5 f5 20. exf6 Nxf6 21. Rg5+ Kf7 22. e5 Ke8 23. exf6 Bxf6 24. Rg6 Kd7 25. Bf4 a5 26. Qe2 Bb7 27. 0-0-0 Qe7 28. Re1 Rfe8 29. g4 Rg8 30. Kd1 Rxg6 31. Bxg6 b4 32. g5 Bg7 33. Bf5 Re8 34. Qg4 Qf7 35. Bc2 Rf8 36. Ba4+ Ke7 37. g6 Qf5 38. Qh4+ Rf6 39. Bg5 Qd3+ 40. Kc1 Qxg6 41. Bxf6+ Bxf6 42. Qh3 Bg5+ 43. Kd1 Qb1+ 44. Ke2 Qe4+ 45. Kf1 Qd3+ 46. Qxd3 cxd3 47. Bb5 d2 48. Rd1 bxc3 49. bxc3 Kd6 50. Ke2 e5 51. Rg1 Bf4 52. Rg6+ Kc7 53. dxe5 d1Q+ 54. Kxd1 Bxe5 55. Kd2 Bc8 56. Bd3 Kb7 57. Ba6+ Kc7 58. Bxc8 Kxc8 59. Kd3 Kd7 60. Ra6 Bc7 1-0

[Event "Landesliga U20 Nord 1415"]
[Site "Bayern"]
[Date "2015.03.21"]
[Round "6.2"]
[White "Karsten, Artur"]
[Black "Obermeier, Johannes"]
[Result "0-1"]
[WhiteElo "1088"]
[BlackElo "1611"]
[PlyCount "96"]
[EventDate "2014.11.15"]
[EventType "team-tourn"]
[EventRounds "7"]
[EventCountry "GER"]
[SourceTitle "EXT 2022"]
[Source "ChessBase"]
[SourceDate "2021.10.06"]
[SourceVersion "1"]
[SourceVersionDate "2021.10.06"]
[SourceQuality "1"]
[WhiteTeam "Kriegshaber SK U20"]
[BlackTeam "Kelheim SK U20"]
[WhiteTeamCountry "GER"]
[BlackTeamCountry "GE2"]

1. e4 e5 2. Nf3 Nc6 3. Bc4 Bc5 4. Nc3 Nf6 5. 0-0 d6 6. h3 0-0 7. d3 h6 8. Be3 Bb6 9. d4 Nxe4 10. Nxe4 d5 11. c3 dxc4 12. Nxe5 Nxe5 13. dxe5 Bxe3 14. fxe3 Qxd1 15. Raxd1 Re8 16. Rd4 b5 17. a4 a6 18. Ra1 Bf5 19. Nd2 Rac8 20. axb5 axb5 21. Rd5 c6 22. Rc5 Re6 23. Nf3 Be4 24. Rd1 Rce8 25. Rd6 Bxf3 26. gxf3 Rxe5 27. Rxe5 Rxe5 28. e4 Re6 29. Rd8+ Kh7 30. Rc8 Kg6 31. f4 Rxe4 32. Rxc6+ f6 33. Rc5 Rxf4 34. Rxb5 f5 35. b4 cxb3 36. Rxb3 Rc4 37. Kf2 Kg5 38. Rb4 Rxc3 39. Kg2 f4 40. Rb5+ Kh4 41. Rf5 g5 42. Rf6 h5 43. Re6 Rxh3 44. Re1 g4 45. Kf2 Rh2+ 46. Kg1 Kg3 47. Kf1 f3 48. Re3 Rh1# 0-1

[Event "Landesliga U20 Nord 1415"]
[Site "Bayern"]
[Date "2014.12.13"]
[Round "2.2"]
[White "Koch, Christian1111"]
[Black "Obermeier, Johannes"]
[Result "1-0"]
[WhiteElo "1930"]
[BlackElo "1611"]
[PlyCount "75"]
[EventDate "2014.11.15"]
[EventType "team-tourn"]
[EventRounds "7"]
[EventCountry "GER"]
[SourceTitle "EXT 2022"]
[Source "ChessBase"]
[SourceDate "2021.10.06"]
[SourceVersion "1"]
[SourceVersionDate "2021.10.06"]
[SourceQuality "1"]
[WhiteTeam "Hoechstadt SC U20"]
[BlackTeam "Kelheim SK U20"]
[WhiteTeamCountry "GER"]
[BlackTeamCountry "GE2"]

1. e4 e5 2. f4 Bc5 3. Nf3 d6 4. Bc4 Nf6 5. Nc3 Nc6 6. h3 0-0 7. f5 a6 8. d3 h6 9. g4 b5 10. Bb3 Nd4 11. g5 Nh7 12. g6 Nxf3+ 13. Qxf3 Qh4+ 14. Ke2 Nf6 15. Bxf7+ Kh8 16. Be3 Bxe3 17. Kxe3 Nh5 18. Qg4 Qg3+ 19. Qxg3 Nxg3 20. Rhg1 Nh5 21. a4 Bd7 22. Nd5 Ra7 23. axb5 Bxb5 24. Ra2 Rfa8 25. Rga1 Bc6 26. Nb4 Bb7 27. Bd5 Bxd5 28. Nxd5 Nf6 29. Nb4 Nd7 30. Nc6 Rb7 31. Rxa6 Rxa6 32. Rxa6 Nb6 33. b4 Kg8 34. c4 Kf8 35. c5 Ke8 36. cxb6 cxb6 37. Ra8+ Kd7 38. b5 1-0

[Event "Bayernliga U20 1314"]
[Site "Bayern"]
[Date "2013.11.30"]
[Round "3.3"]
[White "Moenius, Alexander"]
[Black "Obermeier, Johannes"]
[Result "0-1"]
[WhiteElo "1850"]
[BlackElo "1611"]
[PlyCount "67"]
[EventDate "2013.11.16"]
[EventType "team-tourn"]
[EventRounds "7"]
[EventCountry "GER"]
[SourceTitle "EXT 2022"]
[Source "ChessBase"]
[SourceDate "2021.10.06"]
[SourceVersion "1"]
[SourceVersionDate "2021.10.06"]
[SourceQuality "1"]
[WhiteTeam "Hoechstadt SC U20"]
[BlackTeam "Kelheim SK U20"]
[WhiteTeamCountry "GER"]
[BlackTeamCountry "GER"]

1. e4 e5 2. Nf3 Nc6 3. Nc3 Nf6 4. Bc4 Bc5 5. 0-0 d6 6. d3 Bg4 7. h3 Bh5 8. Be3 Bb6 9. Nd5 Nxd5 10. Bxd5 0-0 11. c3 Ne7 12. Bb3 c6 13. Rc1 Kh8 14. g4 Bg6 15. Re1 Bc7 16. Bg5 f6 17. Be3 d5 18. Bc5 Re8 19. Nh4 b6 20. Bxe7 Rxe7 21. Nxg6+ hxg6 22. exd5 cxd5 23. d4 e4 24. f3 Qd6 25. Qe2 Rae8 26. Qf2 e3 27. Qg2 e2 28. Bc2 Qe6 29. Bxg6 Qe3+ 30. Qf2 Qxc1 31. Bxe8 Qxe1+ 32. Qxe1 Bg3 33. Qxg3 e1Q+ 34. Qxe1 0-1

[Event "Bayernliga U20 1314"]
[Site "Bayern"]
[Date "2013.11.30"]
[Round "2.3"]
[White "Obermeier, Johannes"]
[Black "Mann, Johannes"]
[Result "0-1"]
[WhiteElo "1611"]
[BlackElo "2183"]
[PlyCount "95"]
[EventDate "2013.11.16"]
[EventType "team-tourn"]
[EventRounds "7"]
[EventCountry "GER"]
[SourceTitle "EXT 2022"]
[Source "ChessBase"]
[SourceDate "2021.10.06"]
[SourceVersion "1"]
[SourceVersionDate "2021.10.06"]
[SourceQuality "1"]
[WhiteTeam "Kelheim SK U20"]
[BlackTeam "Forchheim SC U20"]
[WhiteTeamCountry "GER"]
[BlackTeamCountry "GER"]

1. e4 c6 2. d4 d5 3. e5 Bf5 4. Ne2 e6 5. Ng3 Bg6 6. h4 h6 7. h5 Bh7 8. Bd3 Bxd3 9. cxd3 Nd7 10. Be3 c5 11. dxc5 Nxe5 12. d4 Nc6 13. a3 a5 14. Nc3 Nf6 15. Qb3 Qd7 16. Na4 Qc7 17. Nb6 Ra7 18. 0-0 Be7 19. f4 0-0 20. Rf3 Ng4 21. Raf1 Nxe3 22. Qxe3 Nxd4 23. R3f2 Bxc5 24. Na4 Nf5 25. Qxc5 Qxc5 26. Nxc5 Nxg3 27. Rc1 Rc8 28. Rfc2 b6 29. Nd3 Rxc2 30. Rxc2 Rb7 31. Rc8+ Kh7 32. Rf8 Nxh5 33. g4 Ng3 34. Kg2 Ne4 35. Ne5 Nd6 36. Kf3 g6 37. Rd8 Nc4 38. Nxc4 dxc4 39. Rc8 Rd7 40. Rxc4 Rd2 41. Rc7 Kg7 42. b4 Rd3+ 43. Ke4 Rxa3 44. bxa5 bxa5 45. Ra7 Kf6 46. g5+ hxg5 47. fxg5+ Kxg5 48. Rxf7 0-1

[Event "Nittenau-ch 12th"]
[Site "Nittenau"]
[Date "2012.09.15"]
[Round "3"]
[White "Helmich, Joerg"]
[Black "Obermeier, Johannes"]
[Result "1-0"]
[WhiteElo "1604"]
[BlackElo "1222"]
[PlyCount "71"]
[EventDate "2012.09.14"]
[EventType "swiss"]
[EventRounds "5"]
[EventCountry "GER"]
[SourceTitle "EXT 2022"]
[Source "ChessBase"]
[SourceDate "2021.10.06"]
[SourceVersion "1"]
[SourceVersionDate "2021.10.06"]
[SourceQuality "1"]

1. d4 Nf6 2. c4 e6 3. Nf3 d5 4. Nc3 Nbd7 5. cxd5 exd5 6. Bg5 Be7 7. e3 0-0 8. Bd3 c6 9. 0-0 Re8 10. a3 Nf8 11. Qc2 Ne4 12. Bxe7 Qxe7 13. Nd2 Bf5 14. Rae1 Bg6 15. f3 Nxd2 16. Qxd2 Bxd3 17. Qxd3 Rad8 18. b4 a6 19. Rf2 Nd7 20. Rfe2 Nf6 21. Rb1 a5 22. bxa5 Qxa3 23. Rxb7 Rb8 24. a6 Ra8 25. Ra2 Qc1+ 26. Kf2 Reb8 27. Rxb8+ Rxb8 28. Qc2 Qxc2+ 29. Rxc2 Ra8 30. Ra2 Kf8 31. a7 Ke7 32. Ra6 Kd6 33. e4 Kc7 34. exd5 cxd5 35. Na4 Kb7 36. Nc5+ 1-0